000 00959nas a2200325 4500
001 BR0302816
003 BR-BrBNA
005 20231205103840.0
007 ta
008 230509b bl.|||p| |||| 00| 00por d
040 _aBR-BrBNA
_bpor
_cBiblioteca Nacional de Agricultura
041 _a(Pt)
072 _aF30; F08
100 1 _aDuarte, R.L.R.
100 1 _aQueiroz, M.A. de
245 1 _aColeta e caracterização de germoplasma de cucurbitaceas no Estado do Piauí
650 _aMELANCIA
650 _aMELÃO
650 _aABÓBORA
650 _aCONSORCIAÇÃO DE CULTURA
650 _aMELHORAMENTO GENÉTICO VEGETAL
650 _aGERMOPLASMA
650 _aVARIEDADE RESISTENTE
650 _aRECURSO GENÉTICO
650 _aANATOMIA VEGETAL
650 _aPIAUÍ
773 0 _tRevista Científica Rural (Brazil)
_xISSN 1413-8263
_g(2002), v. 7(1) p. 1-5
_wBR0302816
909 _a202311
_bLúcia
_c55
_dLúcia Elande
942 _2AGRIS
_n0
_cANA
999 _c175061
_d175061